|
|
|
|
| LEADER |
00000nam2a2200000 4500 |
| 001 |
164088 |
| 005 |
20231031161102.0 |
| 020 |
|
|
|a RU
|b 80-73625
|
| 035 |
|
|
|a (RuTPU)RU\TPU\book\178034
|
| 035 |
|
|
|a RU\TPU\book\178028
|
| 090 |
|
|
|a 164088
|
| 100 |
|
|
|a 20090828g1980 m y0rusy5003 ca
|
| 101 |
1 |
|
|a rus
|c eng
|
| 102 |
|
|
|a RU
|
| 105 |
|
|
|a a z 001ab
|
| 200 |
0 |
|
|a Т. 8: Из "Автобиографии", Из "Записных книжек"
|f авт. примечаний Б. Гиленсон
|
| 210 |
|
|
|d 1980
|
| 215 |
|
|
|d 20 см.
|a 512 с.
|c ил.
|
| 320 |
|
|
|a Примечания: с. 495-507
|
| 320 |
|
|
|a Алфавитный указатель произведений: с. 508-509
|
| 461 |
|
1 |
|0 (RuTPU)RU\TPU\book\177991
|t Собрание сочинений
|o в 8 т.
|o пер. с англ.
|f М. Твен
|g под ред. А. И. Старцева
|v Т. 8: Из "Автобиографии", Из "Записных книжек"
|d 1980-
|s Библиотека "Огонек". Зарубежная классика
|
| 600 |
|
1 |
|a Твен
|b М.
|c американский писатель
|f 1835-1910
|g Марк
|c настоящие имя и фамилия Самюэл Ленгхорн Клеменс
|2 stltpush
|3 (RuTPU)RU\TPU\pers\15890
|
| 610 |
1 |
|
|a американская литература
|
| 610 |
1 |
|
|a автобиографии
|
| 675 |
|
|
|a 82
|z rus
|
| 702 |
|
1 |
|a Гиленсон
|b Б.
|4 080
|
| 801 |
|
0 |
|a RU
|b RuMRKP
|c 19950704
|g psbo
|
| 801 |
|
1 |
|a RU
|b 63413507
|c 20090827
|
| 801 |
|
2 |
|a RU
|b 63413507
|c 20090828
|g RCR
|
| 942 |
|
|
|c BK
|